000
00459nam a2200145Ia 4500
008
100122s9999 xx 000 0 und d
082
_b
51333
_a
398.3
100
_a
दाभोलकर नरेंद्र
245
_a
विचार तर कराल
260
_b
राजहंस प्रकाशन
_c
1995
300
_a
179
630
_a
विचार तर कराल
730
_a
विचार तर कराल
942
_c
BOOK
999
_c
428795
_d
428792